Michael Jackson Kappaleita - Äkkikuolema - Statistics

Yleistilastot
  • Tätä visaa on pelattu 83 kertaa
  • Keskiarvotulos 8 / 20
Answers on the Grid
Answers color-coded by a green-red scale on the quiz's grid according to % correct below.
Namibian Girl
No Can Do
In the Closet
They Don't Care About Us
Power of Love
Off The Rails
You Are Not Alone
Rock with You
Earth Song
Man in the Mirror
Smooth Criminal
Rhythm Nation
Moonwalker
Wanna Be Startin' Somethin'
Don't Stop 'Til You Get Enough
Bad
Remember the Time
Ms. Jackson
P.Y.T. (Pretty Young Thing)
Purple Rain
Ghouls
Like a Virgin
Scream
Stranger in Costco
Thriller
Billie Jean
B.L.T. (Bacon Lettuce Tomato)
Beat It
Black or White
Heal the World
Neverland
You Rock My World
Dirty Diana
 
Vastaustilastot
Vastaus % Oikein
Billie Jean
76%
Thriller
74%
Smooth Criminal
72%
Bad
66%
Beat It
66%
Black or White
60%
They Don't Care About Us
48%
Dirty Diana
44%
Earth Song
40%
Man in the Mirror
36%
Heal the World
34%
P.Y.T. (Pretty Young Thing)
26%
Don't Stop 'Til You Get Enough
24%
Wanna Be Startin' Somethin'
24%
You Are Not Alone
24%
You Rock My World
22%
Remember the Time
18%
Rock with You
18%
Scream
18%
In the Closet
8%
Ehtoja vastaavia visoja ei löytynyt
Tulosjakauma
Jokaisen tuloksen saaneiden osuus
Persentiili vastausten määrän mukaan
Tuloshistoriasi
Et ole pelannut tätä visaa